000 00811nam a2200253Ia 4500
003 OSt
005 20220923211029.0
006 a|||||r|||| 00| 0
007 ta
008 Pun
020 _a8171163572 (hbk)
_c250
024 _a284,518
037 _b934, 23/03/2015, H.K. Prakashan
_cTextual
040 _aARTS
_cARTS
_bPun
041 _2Pun
_aPun
082 _aQ8441:21:g, 153P3
100 _aਸਿੰਘ, ਵਗ਼ੀਰ
245 0 _aਬਾਣੀ ਕਰਤਾ ਤੇ ਬਾਣੀ ਚਿੰਤਨ
260 _aਦਿੱਲੀ
_b ਨੈFਨਲ ਬੁਕ Fਾਪ
_c2013
300 _a168ਪੰ
_ccm.
650 _aਪੰਜਾਬੀ ਸਾਹਿਤ
942 _hQ8441:21:g, 153P3
_cTEXL
_2CC
999 _c294183
_d294183